000 00330nam a2200145Ia 4500
003 OSt
005 20240309150503.0
008 170524s9999 xx 000 0 und d
020 _a978-9325960794
040 _cIIMTU MEERUT
100 _aBHAVI KATTI- S. S.
245 0 _aBUILDING CONSTRUCTION
260 _bVIKAS
942 _2ddc
_c02
999 _c7697
_d7697